[Event "Florianopolis op 10th"]
[Site "Florianopolis"]
[Date "2024.01.26"]
[Round "8"]
[White "Coppola, Claudio"]
[Black "Lage, Pedro Ferreira"]
[Result "1-0"]
[WhiteElo "2250"]
[BlackElo "2100"]
[PlyCount "75"]
[EventDate "2024.01.20"]
[EventType "swiss"]
[EventRounds "10"]
[EventCountry "BRA"]
[SourceTitle "CB05_2024"]
[SourceDate "2024.01.31"]
[SourceVersion "1"]
[SourceVersionDate "2024.01.31"]
[SourceQuality "1"]

1. d4 d5 2. c4 c6 3. Nf3 Nf6 4. g3 Bf5 5. Bg2 e6 6. 0-0 Nbd7 7. Nc3 h6 8. b3 Be7 9. Bb2 0-0 10. Ne5 Bh7 11. Nxd7 Qxd7 12. Qd2 Rfd8 13. Rad1 Rac8 14. Rfe1 Qc7 15. e4 dxe4 16. Nxe4 Nxe4 17. Bxe4 Bxe4 18. Rxe4 Bf6 19. Qe2 c5 20. d5 Bxb2 21. Qxb2 exd5 22. cxd5 Re8 23. d6 Qd7 24. Re5 b6 25. Rde1 Kf8 26. Qd2 Rxe5 27. Rxe5 Rd8 28. Rd5 Qe6 29. Qd3 Rd7 30. h4 h5 31. Rxh5 Rxd6 32. Qf3 Rd7 33. Qf4 Qd6 34. Rh8+ Ke7 35. Qe4+ Qe6 36. Qa8 Qh3 37. Re8+ Kf6 38. Qc6+ 1-0

[Event "Florianopolis op 10th"]
[Site "Florianopolis"]
[Date "2024.01.22"]
[Round "3"]
[White "Lage, Pedro Ferreira"]
[Black "Cardoso, Maria Paula Da Silv"]
[Result "1-0"]
[WhiteElo "2100"]
[BlackElo "1780"]
[PlyCount "33"]
[EventDate "2024.01.20"]
[EventType "swiss"]
[EventRounds "10"]
[EventCountry "BRA"]
[SourceTitle "CB05_2024"]
[SourceDate "2024.01.31"]
[SourceVersion "1"]
[SourceVersionDate "2024.01.31"]
[SourceQuality "1"]

1. Nf3 c5 2. c4 Nf6 3. Nc3 Nc6 4. d4 cxd4 5. Nxd4 e6 6. a3 d5 7. cxd5 Nxd5 8. Nxc6 bxc6 9. Bd2 Nxc3 10. Bxc3 Qxd1+ 11. Rxd1 f6 12. g3 Bd7 13. Bg2 Bc5 14. 0-0 Rb8 15. Rd2 Ke7 16. Rc1 Rhc8 17. Bxf6+ 1-0

[Event "Criciuma op-A"]
[Site "Criciuma"]
[Date "2024.01.15"]
[Round "5"]
[White "Lage, Pedro Ferreira"]
[Black "Jenidarchiche, Douglas Rodrigo"]
[Result "1-0"]
[WhiteElo "2100"]
[BlackElo "1845"]
[PlyCount "67"]
[EventDate "2024.01.12"]
[EventType "swiss"]
[EventRounds "9"]
[EventCountry "BRA"]
[SourceTitle "CB04_2024"]
[SourceDate "2023.10.16"]
[SourceVersion "1"]
[SourceVersionDate "2023.10.16"]
[SourceQuality "1"]

1. c4 Nf6 2. Nc3 d5 3. cxd5 Nxd5 4. g3 Nxc3 5. bxc3 Qd5 6. Nf3 e5 7. Bg2 Be7 8. 0-0 0-0 9. d3 c5 10. Bb2 Nc6 11. Nd4 Qd6 12. Nxc6 bxc6 13. Qa4 Bd7 14. Rab1 Rab8 15. Ba3 Qc7 16. d4 exd4 17. cxd4 Rb5 18. Rxb5 cxb5 19. Qc2 Rc8 20. Rc1 Be6 21. Bxc5 Bxc5 22. dxc5 Bc4 23. c6 g6 24. a4 a6 25. Qe4 Qd6 26. e3 Qb4 27. axb5 axb5 28. Bh3 Rc7 29. Qe5 Qd2 30. Rxc4 bxc4 31. Qxc7 c3 32. Qb8+ Kg7 33. c7 c2 34. Qb2+ 1-0

[Event "Criciuma op-A"]
[Site "Criciuma"]
[Date "2024.01.13"]
[Round "2"]
[White "Ribeiro, Dionatan Lua Franze"]
[Black "Lage, Pedro Ferreira"]
[Result "1-0"]
[WhiteElo "1820"]
[BlackElo "2100"]
[PlyCount "57"]
[EventDate "2024.01.12"]
[EventType "swiss"]
[EventRounds "9"]
[EventCountry "BRA"]
[SourceTitle "CB04_2024"]
[SourceDate "2023.10.16"]
[SourceVersion "1"]
[SourceVersionDate "2023.10.16"]
[SourceQuality "1"]

1. e4 e6 2. d4 d5 3. Nd2 c5 4. dxc5 Bxc5 5. Bd3 Nc6 6. Ngf3 Nf6 7. exd5 Nxd5 8. 0-0 0-0 9. a3 b6 10. b4 Be7 11. Qe1 Bb7 12. Ne4 Nf6 13. Bb2 Qc7 14. Nxf6+ Bxf6 15. Qe4 Rfd8 16. Qxh7+ Kf8 17. Bxf6 gxf6 18. Bg6 Nd4 19. Nh4 Rd5 20. f4 Rc8 21. Be4 Rd7 22. Bxb7 Qxb7 23. Rad1 Rcd8 24. Rde1 Qc6 25. c3 Qxc3 26. f5 e5 27. Rxe5 Nf3+ 28. Nxf3 fxe5 29. f6 1-0

[Event "Niteroi op 3rd"]
[Site "Niteroi"]
[Date "2023.09.04"]
[Round "1"]
[White "Lage, Pedro Ferreira"]
[Black "Nogueira, Adnilton Correia De"]
[Result "1-0"]
[WhiteElo "2130"]
[BlackElo "1613"]
[PlyCount "35"]
[EventDate "2023.09.04"]
[EventType "swiss"]
[EventRounds "9"]
[EventCountry "BRA"]
[SourceTitle "EXT 2024"]
[Source "ChessBase"]
[SourceDate "2023.10.10"]
[SourceVersion "1"]
[SourceVersionDate "2023.10.10"]
[SourceQuality "1"]

1. g3 Nf6 2. Bg2 d5 3. Nf3 Nc6 4. d4 Bg4 5. Ne5 Bf5 6. c4 e6 7. 0-0 Bd6 8. Qa4 Bxe5 9. dxe5 Ne4 10. Rd1 0-0 11. cxd5 exd5 12. Nc3 Nxc3 13. bxc3 Ne7 14. c4 c6 15. cxd5 Qc8 16. Ba3 Nxd5 17. Bxf8 Bc2 18. Qd4 1-0

[Event "Rio de Janeiro op 2nd"]
[Site "Rio de Janeiro"]
[Date "2023.05.06"]
[Round "8"]
[White "Labussiere, Yago"]
[Black "Lage, Pedro Ferreira"]
[Result "1/2-1/2"]
[WhiteElo "2222"]
[BlackElo "2080"]
[PlyCount "116"]
[EventDate "2023.05.02"]
[EventType "swiss"]
[EventRounds "9"]
[EventCountry "BRA"]
[SourceTitle "CBM 214 Extra"]
[Source "ChessBase"]
[SourceDate "2023.07.31"]
[SourceVersion "1"]
[SourceVersionDate "2023.07.31"]
[SourceQuality "1"]

1. e4 e6 2. d4 d5 3. Nc3 dxe4 4. Nxe4 Nd7 5. Nf3 Ngf6 6. Nxf6+ Nxf6 7. Bd3 c5 8. 0-0 cxd4 9. Nxd4 Be7 10. Re1 0-0 11. c3 Bd7 12. Qf3 Qc7 13. Bf4 Qb6 14. a4 Rac8 15. Be5 Bc6 16. Nxc6 Qxc6 17. Be4 Nxe4 18. Qxe4 Qxe4 19. Rxe4 Rfd8 20. Kf1 Rd5 21. Bd4 Bc5 22. Bxc5 Rcxc5 23. Ke2 Rc7 24. Rd1 Rxd1 25. Kxd1 Rd7+ 26. Kc2 Kf8 27. Rc4 Ke7 28. Rc8 e5 29. b4 Ke6 30. b5 e4 31. a5 f5 32. g3 g5 33. Rf8 Ke5 34. Re8+ Kd5 35. Rg8 h6 36. Rh8 Kc5 37. Rxh6 Kxb5 38. Rf6 Rd5 39. Rf7 Ka6 40. h4 gxh4 41. gxh4 Rxa5 42. Kb3 Re5 43. h5 e3 44. fxe3 Rxe3 45. Rxf5 Rh3 46. Rf6+ b6 47. Rf5 Rh4 48. c4 Kb7 49. Kb4 Rh1 50. Rf7+ Kc6 51. Rf6+ Kb7 52. h6 a5+ 53. Ka4 Ra1+ 54. Kb3 Rh1 55. Rf7+ Kc6 56. Rf6+ Kc5 57. Rf5+ Kc6 58. Rf6+ Kc5 1/2-1/2

[Event "Rio de Janeiro op 04"]
[Site "Rio de Janeiro"]
[Date "2023.04.29"]
[Round "1"]
[White "Lage, Pedro Ferreira"]
[Black "Mesquita, Arnaldo Leite"]
[Result "1-0"]
[WhiteElo "2080"]
[BlackElo "1705"]
[PlyCount "77"]
[EventDate "2023.04.29"]
[EventType "swiss"]
[EventRounds "6"]
[EventCountry "BRA"]
[SourceTitle "CBM 214 Extra"]
[Source "ChessBase"]
[SourceDate "2023.07.31"]
[SourceVersion "1"]
[SourceVersionDate "2023.07.31"]
[SourceQuality "1"]

1. Nf3 Nf6 2. c4 c5 3. Nc3 Nc6 4. d4 cxd4 5. Nxd4 g6 6. g3 Bg7 7. Bg2 0-0 8. c5 Rb8 9. 0-0 Nxd4 10. Qxd4 b6 11. Qb4 Qc7 12. Bf4 e5 13. Be3 bxc5 14. Qxc5 Qxc5 15. Bxc5 Re8 16. b3 Bb7 17. Bxa7 Bxg2 18. Kxg2 Rb7 19. Be3 d5 20. Bg5 Rc8 21. Bxf6 Rxc3 22. Bxg7 Kxg7 23. Rac1 Rbc7 24. Rxc3 Rxc3 25. Rd1 d4 26. Rd2 Kf6 27. f4 Kf5 28. fxe5 Kxe5 29. Kf2 Ke4 30. Rb2 Rc6 31. b4 Rf6+ 32. Ke1 Kd5 33. b5 Rb6 34. a4 Kc5 35. Kd2 Rb8 36. Kd3 f5 37. b6 Rxb6 38. Rxb6 Kxb6 39. Kxd4 1-0

[Event "Florianopolis op 9th"]
[Site "Florianopolis"]
[Date "2023.01.29"]
[Round "10"]
[White "Silva, Kaua Marques"]
[Black "Lage, Pedro Ferreira"]
[Result "0-1"]
[WhiteElo "2196"]
[BlackElo "2055"]
[PlyCount "98"]
[EventDate "2023.01.23"]
[EventType "swiss"]
[EventRounds "10"]
[EventCountry "BRA"]
[SourceTitle "CBM 212 Extra"]
[Source "ChessBase"]
[SourceDate "2023.03.31"]
[SourceVersion "1"]
[SourceVersionDate "2023.03.31"]
[SourceQuality "1"]

1. e4 e6 2. d4 d5 3. e5 b6 4. Nf3 Qd7 5. a4 a5 6. h4 Ne7 7. c3 Ba6 8. h5 h6 9. Na3 Bxf1 10. Kxf1 Na6 11. Rh3 c5 12. Nb5 Nc8 13. Rg3 Nc7 14. Na3 Ne7 15. Kg1 Rc8 16. Nh4 cxd4 17. Qxd4 Nc6 18. Qxb6 Rb8 19. Qe3 d4 20. Qe4 Qd5 21. Qxd5 Nxd5 22. c4 Nb6 23. b3 Nd7 24. Nb5 Ndxe5 25. Nf3 Nxf3+ 26. gxf3 f6 27. f4 Kf7 28. Bb2 Bc5 29. Rd1 Rhd8 30. Kg2 Rb7 31. Kf3 d3 32. Rdg1 Bf8 33. Ke4 Rbd7 34. Rd1 Bc5 35. Rdg1 Bf8 36. Bc3 d2 37. Rd1 Bb4 38. Bxb4 Nxb4 39. Ke3 Na2 40. c5 Rd3+ 41. Ke2 Nc1+ 42. Kf1 Rxg3 43. fxg3 Rd3 44. c6 Ke7 45. g4 Nxb3 46. Ke2 Nc1+ 47. Kf2 e5 48. Na3 Rxa3 49. Rxd2 Ra2 0-1

[Event "Florianopolis op 9th"]
[Site "Florianopolis"]
[Date "2023.01.28"]
[Round "9"]
[White "Lage, Pedro Ferreira"]
[Black "Piasetski, Leon David"]
[Result "1/2-1/2"]
[WhiteElo "2055"]
[BlackElo "2210"]
[PlyCount "76"]
[EventDate "2023.01.23"]
[EventType "swiss"]
[EventRounds "10"]
[EventCountry "BRA"]
[SourceTitle "CBM 212 Extra"]
[Source "ChessBase"]
[SourceDate "2023.03.31"]
[SourceVersion "1"]
[SourceVersionDate "2023.03.31"]
[SourceQuality "1"]

1. Nf3 c5 2. c4 Nc6 3. d4 cxd4 4. Nxd4 Qb6 5. Nc2 g6 6. Nc3 Bg7 7. Nd5 Qd8 8. g3 e6 9. Nc3 Nge7 10. Bg2 0-0 11. 0-0 b6 12. Bf4 Ba6 13. Na3 Rc8 14. Rc1 Na5 15. Nab5 Rxc4 16. b3 Rxf4 17. gxf4 d5 18. Nd4 Nf5 19. Nxf5 gxf5 20. Qd2 Qh4 21. Rfd1 d4 22. Na4 Bb7 23. Bxb7 Nxb7 24. Qd3 Qxf4 25. Qg3 Qe4 26. Rc7 Qxe2 27. Rxd4 Kh8 28. Rdd7 Nd6 29. Qxd6 Qe1+ 30. Kg2 Rg8 31. Rd8 Bf8+ 32. Qg3 Rxg3+ 33. hxg3 Kg7 34. Rdd7 Kg6 35. Rxf7 Qe4+ 36. Kg1 Qe1+ 37. Kg2 Qe4+ 38. Kg1 Qe1+ 1/2-1/2

[Event "Florianopolis op 9th"]
[Site "Florianopolis"]
[Date "2023.01.26"]
[Round "5"]
[White "Lage, Pedro Ferreira"]
[Black "Casalaspro, Mathias Andre"]
[Result "1-0"]
[WhiteElo "2055"]
[BlackElo "1806"]
[PlyCount "50"]
[EventDate "2023.01.23"]
[EventType "swiss"]
[EventRounds "10"]
[EventCountry "BRA"]
[SourceTitle "CBM 212 Extra"]
[Source "ChessBase"]
[SourceDate "2023.03.31"]
[SourceVersion "1"]
[SourceVersionDate "2023.03.31"]
[SourceQuality "1"]

1. Nf3 d5 2. g3 Nf6 3. Bg2 Bf5 4. 0-0 h6 5. c4 e6 6. Qb3 Qc8 7. Nc3 c6 8. d3 Nbd7 9. cxd5 Nc5 10. Qc2 cxd5 11. Be3 Be7 12. Rfc1 Na6 13. Nd4 Bg4 14. h3 e5 15. hxg4 exd4 16. Bxd4 Qxg4 17. Qa4+ Nd7 18. Nxd5 Nac5 19. Qc4 Bd6 20. Bf3 Qe6 21. b4 b5 22. Qc3 Nb7 23. Nc7+ Bxc7 24. Qxc7 Rb8 25. Rc6 Qh3 1-0

[Event "Rio de Janeiro Duchamp op 4th"]
[Site "Rio de Janeiro"]
[Date "2022.12.12"]
[Round "7"]
[White "Lage, Pedro Ferreira"]
[Black "Lopes, Eduardo Moraes"]
[Result "1-0"]
[WhiteElo "2078"]
[BlackElo "1744"]
[PlyCount "67"]
[EventDate "2022.12.07"]
[EventType "swiss"]
[EventRounds "9"]
[EventCountry "BRA"]
[SourceTitle "CBM 211 Extra"]
[Source "ChessBase"]
[SourceDate "2023.01.31"]
[SourceVersion "1"]
[SourceVersionDate "2023.01.31"]
[SourceQuality "1"]

1. e4 e6 2. d4 d5 3. Nd2 dxe4 4. Nxe4 Nd7 5. Nf3 Ngf6 6. Nxf6+ Nxf6 7. Bd3 c5 8. Be3 Qc7 9. c3 Be7 10. 0-0 0-0 11. dxc5 Bxc5 12. Bxc5 Qxc5 13. Qe2 b6 14. Rfe1 Bb7 15. Ne5 Qd5 16. f3 Rfd8 17. Rad1 Qc5+ 18. Kh1 Qe7 19. Qf2 Nd7 20. Nc4 Nc5 21. Bc2 Rxd1 22. Rxd1 Rd8 23. b4 Rxd1+ 24. Bxd1 Nd3 25. Qd4 Ne1 26. Qe5 Nd3 27. Qd4 Ne1 28. Qe3 Qh4 29. Nb2 h5 30. g3 Qf6 31. Be2 g5 32. g4 Qg6 33. Nd3 Qh6 34. Kg1 1-0

[Event "Rio de Janeiro Duchamp op 4th"]
[Site "Rio de Janeiro"]
[Date "2022.12.10"]
[Round "4"]
[White "Lage, Pedro Ferreira"]
[Black "Roselli Mailhe, Bernardo"]
[Result "0-1"]
[WhiteElo "2078"]
[BlackElo "2390"]
[PlyCount "104"]
[EventDate "2022.12.07"]
[EventType "swiss"]
[EventRounds "9"]
[EventCountry "BRA"]
[SourceTitle "CBM 211 Extra"]
[Source "ChessBase"]
[SourceDate "2023.01.31"]
[SourceVersion "1"]
[SourceVersionDate "2023.01.31"]
[SourceQuality "1"]

1. Nf3 Nf6 2. c4 g6 3. Nc3 Bg7 4. e4 d6 5. d4 0-0 6. Be2 e5 7. 0-0 Nbd7 8. Be3 c6 9. Qc2 Qe7 10. Rad1 exd4 11. Nxd4 a6 12. Rfe1 Re8 13. f3 c5 14. Nb3 Ne5 15. Qd2 Bf8 16. Bg5 Ned7 17. Nd5 Qd8 18. Nxc5 Bg7 19. Nxd7 Bxd7 20. Nxf6+ Bxf6 21. Bxf6 Qxf6 22. Qxd6 Be6 23. Qd4 Qg5 24. b4 a5 25. b5 Rac8 26. g3 Qe7 27. f4 Qa3 28. Bf1 Qxa2 29. Ra1 Qb3 30. Rxa5 Bxc4 31. Raa1 Bxf1 32. Rxf1 Qxb5 33. Rab1 Qc6 34. Rfe1 Rcd8 35. Qb4 Rd7 36. Qb5 Rxe4 37. Qxc6 Rxe1+ 38. Rxe1 bxc6 39. Re8+ Kg7 40. Rc8 Rd6 41. Kf2 h5 42. Ke3 f5 43. Rc7+ Kf6 44. h3 Ke6 45. Rc8 Kd7 46. Ra8 c5 47. Ra5 Kc6 48. Ra6+ Kd5 49. Ra4 Rb6 50. Ra3 Kc4 51. Kd2 Rb2+ 52. Kc1 Rb3 0-1

[Event "Natal zt 2.4"]
[Site "Natal"]
[Date "2022.10.07"]
[Round "8"]
[White "Carneiro, Breno B De Siqueira"]
[Black "Lage, Pedro Ferreira"]
[Result "0-1"]
[WhiteElo "1557"]
[BlackElo "2087"]
[PlyCount "90"]
[EventDate "2022.10.03"]
[EventType "swiss"]
[EventRounds "9"]
[EventCountry "BRA"]
[SourceTitle "EXT 2024"]
[Source "ChessBase"]
[SourceDate "2023.10.10"]
[SourceVersion "1"]
[SourceVersionDate "2023.10.10"]
[SourceQuality "1"]

1. d4 d5 2. Nf3 Nf6 3. Bf4 c5 4. e3 Nc6 5. c3 Qb6 6. Qb3 c4 7. Qxb6 axb6 8. Ne5 b5 9. Nxc6 bxc6 10. Be2 Bf5 11. Nd2 e6 12. f3 b4 13. e4 Bg6 14. 0-0 Be7 15. a4 bxa3 16. bxa3 Kd7 17. Rfb1 Ra7 18. Bxc4 dxe4 19. Rb3 Rha8 20. Bf1 Nd5 21. Bg3 Rxa3 22. Raxa3 Bxa3 23. Nc4 Bc1 24. Ne5+ Kc8 25. Nxc6 Be3+ 26. Bf2 Ra2 27. Bxe3 Nxe3 28. Ne7+ Kd8 29. Nxg6 hxg6 30. fxe4 Ra1 31. Kf2 Nxf1 32. Rb7 Nd2 33. Ke3 Nc4+ 34. Kd3 Nd6 35. Rb2 Ra7 36. g4 Kc7 37. e5 Nc8 38. c4 Nb6 39. Rb5 Ra3+ 40. Ke4 Rc3 41. Ra5 Kb7 42. c5 Nd5 43. c6+ Kb6 44. Rxd5 exd5+ 45. Kxd5 Rxc6 0-1

[Event "Natal zt 2.4"]
[Site "Natal"]
[Date "2022.10.04"]
[Round "2"]
[White "Molina, Roberto Junio Brito"]
[Black "Lage, Pedro Ferreira"]
[Result "1-0"]
[WhiteElo "2382"]
[BlackElo "2087"]
[PlyCount "49"]
[EventDate "2022.10.03"]
[EventType "swiss"]
[EventRounds "9"]
[EventCountry "BRA"]
[SourceTitle "EXT 2024"]
[Source "ChessBase"]
[SourceDate "2023.10.10"]
[SourceVersion "1"]
[SourceVersionDate "2023.10.10"]
[SourceQuality "1"]

1. d4 d5 2. c4 c6 3. Nf3 Nf6 4. Nc3 dxc4 5. a4 Bf5 6. e3 e6 7. Bxc4 Bb4 8. 0-0 Nbd7 9. Qe2 Bg6 10. e4 0-0 11. e5 Nd5 12. Nxd5 cxd5 13. Bd3 Bh5 14. Qe3 Be7 15. Ng5 Bxg5 16. Qxg5 Bg6 17. Bxg6 hxg6 18. Qg4 Nb8 19. Ra3 Nc6 20. Rd1 Rc8 21. Bg5 Qe8 22. Qh4 f5 23. exf6 Rxf6 24. Bxf6 gxf6 25. Rh3 1-0

[Event "Natal zt 2.4"]
[Site "Natal"]
[Date "2022.10.03"]
[Round "1"]
[White "Lage, Pedro Ferreira"]
[Black "De Almeida, Olivan Duarte"]
[Result "1-0"]
[WhiteElo "2087"]
[BlackElo "1516"]
[PlyCount "78"]
[EventDate "2022.10.03"]
[EventType "swiss"]
[EventRounds "9"]
[EventCountry "BRA"]
[SourceTitle "EXT 2024"]
[Source "ChessBase"]
[SourceDate "2023.10.10"]
[SourceVersion "1"]
[SourceVersionDate "2023.10.10"]
[SourceQuality "1"]

1. Nf3 d5 2. g3 Nf6 3. Bg2 g6 4. d4 Bg7 5. 0-0 0-0 6. c4 c6 7. cxd5 cxd5 8. Nc3 Nc6 9. Ne5 e6 10. Nxc6 bxc6 11. Bf4 Nh5 12. Be3 e5 13. Rc1 Rb8 14. Na4 Qa5 15. b3 Bd7 16. Nc5 Bc8 17. dxe5 Bxe5 18. Nd3 Bg7 19. Rxc6 d4 20. Bd2 Qxa2 21. Bb4 Re8 22. Bf3 Bb7 23. Rc2 Qxb3 24. Bd6 Bxf3 25. Bxb8 Bg4 26. Rc8 Qe6 27. Rxe8+ Qxe8 28. Qb3 Bh3 29. Re1 Qe4 30. f3 Qe3+ 31. Kh1 h6 32. Bxa7 Nf6 33. Qb8+ Kh7 34. Qf4 Nd5 35. Qxe3 dxe3 36. Nf4 Nxf4 37. gxf4 Bc3 38. Rb1 Bd2 39. Kg1 g5 1-0

[Event "Sao Jose dos Campos op"]
[Site "Sao Jose dos Campos"]
[Date "2022.09.11"]
[Round "6"]
[White "Lage, Pedro Ferreira"]
[Black "Goussain, Blaha Gregory Corre"]
[Result "1/2-1/2"]
[WhiteElo "2120"]
[BlackElo "1824"]
[PlyCount "95"]
[EventDate "2022.09.08"]
[EventType "swiss"]
[EventRounds "7"]
[EventCountry "BRA"]
[SourceTitle "CBM 210 Extra"]
[Source "ChessBase"]
[SourceDate "2022.11.30"]
[SourceVersion "1"]
[SourceVersionDate "2022.11.30"]
[SourceQuality "1"]

1. Nf3 d5 2. g3 c6 3. Bg2 Nf6 4. 0-0 Bf5 5. b3 e6 6. Bb2 h6 7. d3 Be7 8. Nbd2 0-0 9. Ne5 Nbd7 10. e4 dxe4 11. dxe4 Bh7 12. Qe2 Qc7 13. f4 Rad8 14. Rad1 Nb6 15. a4 Bb4 16. Nd3 Be7 17. Kh1 Bg6 18. Ne5 Bh7 19. g4 Nfd7 20. a5 Nc8 21. Ndc4 b5 22. axb6 axb6 23. f5 b5 24. Nxd7 Rxd7 25. Rxd7 Qxd7 26. Ne5 Qc7 27. Nd3 Nb6 28. Qf2 Nd7 29. e5 Kh8 30. f6 gxf6 31. exf6 Bd6 32. Qh4 Rg8 33. Bc1 Bf8 34. g5 Qd6 35. g6 Bxg6 36. Bxh6 Bh7 37. Re1 Bxh6 38. Qxh6 Qd4 39. Be4 Nxf6 40. Bxh7 Nxh7 41. Qh5 Qd5+ 42. Qxd5 cxd5 43. Rf1 Kg7 44. Ne5 f5 45. Rg1+ Kf8 46. Nd7+ Kf7 47. Ne5+ Kf8 48. Nd7+ 1/2-1/2

[Event "Sao Jose dos Campos op"]
[Site "Sao Jose dos Campos"]
[Date "2022.09.10"]
[Round "5"]
[White "Seccafim, Caic Dos Santos"]
[Black "Lage, Pedro Ferreira"]
[Result "1-0"]
[WhiteElo "1877"]
[BlackElo "2120"]
[PlyCount "41"]
[EventDate "2022.09.08"]
[EventType "swiss"]
[EventRounds "7"]
[EventCountry "BRA"]
[SourceTitle "CBM 210 Extra"]
[Source "ChessBase"]
[SourceDate "2022.11.30"]
[SourceVersion "1"]
[SourceVersionDate "2022.11.30"]
[SourceQuality "1"]

1. e4 e6 2. b3 d5 3. Bb2 dxe4 4. Nc3 Nf6 5. Qe2 Bb4 6. 0-0-0 Qe7 7. Kb1 Ba3 8. Ba1 Nbd7 9. g4 Nd5 10. Nxe4 N7f6 11. Nxf6+ gxf6 12. Qf3 Rg8 13. c4 Nb4 14. Bxf6 Qd6 15. d4 Bd7 16. Bg2 c6 17. Ne2 a5 18. Nc3 b5 19. Ne4 Qf8 20. Qf4 Nxa2 21. c5 1-0

[Event "Niteroi op 2nd"]
[Site "Niteroi"]
[Date "2022.09.01"]
[Round "1"]
[White "Pereira, Rodrigo Ferreira"]
[Black "Lage, Pedro Ferreira"]
[Result "0-1"]
[WhiteElo "1568"]
[BlackElo "2120"]
[PlyCount "76"]
[EventDate "2022.09.01"]
[EventType "swiss"]
[EventRounds "9"]
[EventCountry "BRA"]
[SourceTitle "CBM 210 Extra"]
[Source "ChessBase"]
[SourceDate "2022.11.30"]
[SourceVersion "1"]
[SourceVersionDate "2022.11.30"]
[SourceQuality "1"]

1. c4 c5 2. Nc3 Nc6 3. g3 g6 4. Bg2 Bg7 5. e3 Nh6 6. Nge2 Nf5 7. d3 0-0 8. 0-0 b6 9. b3 Bb7 10. Bb2 Qc8 11. Qd2 Ne5 12. e4 Nd4 13. f4 Nec6 14. f5 Qb8 15. Nd5 Qe5 16. Nxd4 Nxd4 17. Rf2 Bxd5 18. cxd5 a5 19. a4 Qd6 20. Qd1 Be5 21. Rb1 Rab8 22. Kh1 b5 23. Bxd4 Bxd4 24. Re2 bxa4 25. bxa4 Rxb1 26. Qxb1 Rb8 27. Qe1 Qe5 28. Bh3 Rb3 29. fxg6 hxg6 30. Bxd7 Ra3 31. Rc2 Qh5 32. Kg2 Ra1 33. g4 Qg5 34. h4 Qf4 35. Rf2 Qd6 36. Qxa5 Qxd7 37. Rf4 Be3 38. Qc3 Ra2+ 0-1

[Event "Caxambu Casa do Xadrez op"]
[Site "Caxambu"]
[Date "2022.07.24"]
[Round "5"]
[White "Lage, Pedro Ferreira"]
[Black "Di Berardino, Diego Rafael"]
[Result "1-0"]
[WhiteElo "2104"]
[BlackElo "2484"]
[PlyCount "77"]
[EventDate "2022.07.22"]
[EventType "swiss"]
[EventRounds "6"]
[EventCountry "BRA"]
[SourceTitle "CBM 209 Extra"]
[Source "ChessBase"]
[SourceDate "2022.09.30"]
[SourceVersion "1"]
[SourceVersionDate "2022.09.30"]
[SourceQuality "1"]

1. Nf3 d5 2. g3 Nf6 3. Bg2 c5 4. 0-0 e6 5. d4 cxd4 6. Nxd4 e5 7. Nb3 Be6 8. Bg5 Nc6 9. Nc3 d4 10. Ne4 Be7 11. Bxf6 gxf6 12. Rc1 Qb6 13. c3 f5 14. Ned2 Rd8 15. cxd4 Nxd4 16. Nxd4 Qxd4 17. Nf3 Qxd1 18. Rfxd1 Rxd1+ 19. Rxd1 Bf6 20. e4 0-0 21. Bh3 Bxa2 22. Bxf5 Bc4 23. Rd7 Rb8 24. b4 Bb5 25. Nxe5 Rc8 26. Rd5 Rc1+ 27. Kg2 Bf1+ 28. Kf3 h5 29. h4 Rb1 30. Nd7 Rb3+ 31. Kf4 Bb2 32. Kg5 Kg7 33. Nc5 Rxb4 34. Rd7 Bf6+ 35. Kxh5 Be2+ 36. g4 b6 37. Be6 Kh8 38. Rxf7 Bg7 39. Kg6 1-0

[Event "Caxambu Casa do Xadrez op"]
[Site "Caxambu"]
[Date "2022.07.22"]
[Round "1"]
[White "De Brito, Gabrielly Rodrigues"]
[Black "Lage, Pedro Ferreira"]
[Result "0-1"]
[WhiteElo "1401"]
[BlackElo "2104"]
[PlyCount "118"]
[EventDate "2022.07.22"]
[EventType "swiss"]
[EventRounds "6"]
[EventCountry "BRA"]
[SourceTitle "CBM 209 Extra"]
[Source "ChessBase"]
[SourceDate "2022.09.30"]
[SourceVersion "1"]
[SourceVersionDate "2022.09.30"]
[SourceQuality "1"]

1. Nf3 d5 2. b3 c6 3. Bb2 Nf6 4. e3 Bf5 5. Be2 Nbd7 6. 0-0 h6 7. d4 e6 8. Nbd2 Be7 9. c4 0-0 10. Ne5 Nxe5 11. dxe5 Nd7 12. Nf3 a5 13. Rc1 a4 14. cxd5 exd5 15. Nd4 Bg6 16. e6 Nc5 17. exf7+ Rxf7 18. b4 a3 19. Bxa3 Rxa3 20. bxc5 Qa5 21. Bh5 Bxh5 22. Qxh5 Rxa2 23. Qg4 Bxc5 24. Qc8+ Bf8 25. Ne6 Qd2 26. Rcd1 Qc2 27. Nf4 Qe4 28. Qe6 Qxe6 29. Nxe6 Bb4 30. Nf4 Bd6 31. Ne6 Re7 32. Nd4 Bc5 33. h3 Kf8 34. Nb3 Bd6 35. Nd4 Be5 36. Nf3 Bf6 37. Nd4 g6 38. Nf3 Ke8 39. Rc1 Kd7 40. Rfd1 Kd6 41. Nd4 Re4 42. Nf3 Rea4 43. Nd4 Bxd4 44. exd4 Re2 45. Rb1 b5 46. Rbc1 Raa2 47. Rf1 Red2 48. Rcd1 b4 49. g3 Rac2 50. h4 h5 51. Kg2 b3 52. Rxd2 Rxd2 53. Rb1 b2 54. Kf3 c5 55. dxc5+ Kxc5 56. Ke3 Rc2 57. f3 Kc4 58. g4 hxg4 59. fxg4 Kc3 0-1

[Event "Copacabana Rio Masters"]
[Site "Copacabana"]
[Date "2022.05.14"]
[Round "5"]
[White "Lage, Pedro Ferreira"]
[Black "Araujo, Renan Aparecido"]
[Result "1/2-1/2"]
[WhiteElo "2100"]
[BlackElo "2025"]
[PlyCount "116"]
[EventDate "2022.05.10"]
[EventType "swiss"]
[EventRounds "6"]
[EventCountry "BRA"]
[SourceTitle "CBM 208 Extra"]
[Source "ChessBase"]
[SourceDate "2022.07.31"]
[SourceVersion "1"]
[SourceVersionDate "2022.07.31"]
[SourceQuality "1"]

1. Nf3 Nf6 2. c4 e6 3. g3 d5 4. Bg2 Be7 5. 0-0 0-0 6. d4 c6 7. Nbd2 b6 8. Qc2 Bb7 9. e4 Na6 10. Ne5 Nb4 11. Qc3 c5 12. dxc5 Bxc5 13. a3 d4 14. Qb3 Nc6 15. Nd3 Be7 16. e5 Nd7 17. f4 Na5 18. Qc2 Bxg2 19. Kxg2 Rc8 20. b3 b5 21. Bb2 bxc4 22. Nxc4 Nb6 23. Rfc1 Qd5+ 24. Kg1 Nbxc4 25. bxc4 Rxc4 26. Qd1 Nb3 27. Qxb3 Rxc1+ 28. Nxc1 Qxb3 29. Nxb3 Rb8 30. Rc1 g5 31. Bxd4 Rxb3 32. Rc7 Bxa3 33. f5 Rd3 34. fxe6 Rxd4 35. e7 Bxe7 36. Rxe7 a5 37. e6 fxe6 38. Rxe6 g4 39. Re7 a4 40. Kf2 Rd2+ 41. Ke3 Rxh2 42. Re4 a3 43. Rxg4+ Kf7 44. Ra4 a2 45. Ra6 Ke7 46. Kd4 Kd7 47. Kc4 Rg2 48. Kb3 h5 49. Kc4 Kc7 50. Kb3 Rxg3+ 51. Kxa2 Rg5 52. Kb3 Kd7 53. Kc4 Ke7 54. Kd4 Kf7 55. Ke4 Kg7 56. Kf4 Rg1 57. Kf3 h4 58. Ra4 h3 1/2-1/2